00340nam a2200097Ia 4500008004100000020001800041100001300059245010700072260004300179300002000222180219s9999 xx 000 0 und d a9781284038880 aLiu, Min cButler, Lakesha M.aPatient communication for pharmacy :ba case-study approach on theory and practice aUSA :bJones & Barlette learningc2017 aviii, 207 pages